| 000 | 00953nam a2200253 i 4500 | ||
|---|---|---|---|
| 005 | 20260322212039.0 | ||
| 008 | data | ||
| 010 | _a 76010497 | ||
| 020 |
_a0029264502 : _c{dollar}8.95 |
||
| 020 |
_a9780029264508 : _c{dollar}8.95 |
||
| 040 |
_aDLC _cDLC _dCtY-M _dCtY-M |
||
| 050 | 0 |
_aRC339.52.E74 _bR6 |
|
| 096 | _aWZ 100 E677R 1976 | ||
| 100 | 1 |
_aRoazen, Paul, _d1936- |
|
| 245 | 1 | 0 |
_aErik H. Erikson : _bthe power and limits of a vision / _cPaul Roazen. |
| 260 | 0 |
_aNew York : _bFree Press, _cc1976. |
|
| 300 |
_ax, 246 p. ; _c22 cm. |
||
| 504 | _aIncludes bibliographical references and index. | ||
| 590 | _aIncludes bibliographical references and index. | ||
| 600 | 1 | 0 |
_aErikson, Erik H. _q(Erik Homburger), _d1902- |
| 650 | 0 |
_aPsychoanalysts _zUnited States _vBiography. |
|
| 856 | 4 | 0 |
_uhttps://openlibrary.org/works/OL61258W/Erik_H._Erikson?edition=erikheriksonpowe00roazrich _yOnline access from the Open Library. _zRequires free sign up. |
| 001 | data | ||
| 999 |
_c917 _d917 |
||